Statistics for This Quiz Stinks!!

Click here to take the quiz!

General Stats

  • This quiz has been taken 83 times
  • The average score is 3 of 7

Answer Stats

HintAnswer% Correct
More distantfarther
82%
A mental glitchbrainfart
57%
A geezerold fart
54%
A monetary unit equivalent to 1/4 of an old pennyfarthing
49%
A training system for runners with various terrains and speedsfartlek
15%
A hooped garment for femalesfarthingale
3%
To furlfarthel
1%

Score Distribution

Percentile by Number Answered

Percent of People with Each Score

Your Score History

You have not taken this quiz